000
00233nam a22000977a 4500
008
180802b xxu||||| |||| 00| 0 eng d
082
_a
813.52
245
_a
Ambrose Video Publishing
_c
Troilus
300
_a
1
_f
Cassette
942
_2
ddc
_c
MX
999
_c
46741
_d
46741